000 00560nam a2200181Ia 4500
005 20250508151118.0
008 008 250505s9999 xx 000 0 eng d
037 _aTextual
040 _aFEDL
_beng
_cFEDL
041 _aeng
_2eng
084 _a504, HOG
_qFEDL
100 _aHogben Lancelot
245 0 _aScience for the citizen: A self-educator based on the social background of scientific discovery
260 _aLondon, UK
_bGeorge Allen and Unwin Ltd.
_c1938
300 _a1128p.
942 _cTEXL
_h504, HOG
999 _c1327648
_d1327648